000 00856nam a2200277 a 4500
001 364
003 BR-CuiBMT
005 20231101233506.0
008 230818s2018 mgba 000 0 por d
020 _a9788545005759
040 _aBR-CuiBMT
_cBR-CuiBMT
080 _22007
_a343.352
090 _a343.352
_bL525
_c2. ed.
245 1 _aLei anticorrupção comentada /
_cMaria Sylvia Zanella Di Pietro, Thiago Marrara coordenadores.
250 _a2. ed.
260 _aBelo Horizonte :
_bFórum,
_c2018.
300 _a139 p. :
_bil. ;
_c24 cm
504 _aInclui bibliografia.
650 _aCorrupção administrativa
_zBrasil
650 _aDireito constitucional
650 _aDireito público
650 _aCombate à corrupção
700 1 _aDi Pietro, Maria Sylvia Zanella
_ecoord.
700 1 _aMarrara, Thiago,
_d1980-
_ecoord.
942 _2udc
_cLV
999 _c364
_d364